Sesion solemne de la Academia de Ciencias Medicas de Cordoba (Registro nro. 1792)

Detalles MARC
000 -LEADER
fixed length control field 00732nam a2200205 a 4500
003 - CONTROL NUMBER IDENTIFIER
control field OSt
005 - FECHA ULTIMA MODIFICACION
control field 20131010185726.0
008 - FIXED-LENGTH DATA ELEMENTS--GENERAL INFORMATION
fixed length control field 131010s2003 ag ||||| |||| 10| 0 spa d
040 ## - CATALOGING SOURCE
Transcribing agency Biblioteca Medicina
041 ## - LANGUAGE CODE
Language code of text/sound track or separate title spa
082 ## - DEWEY DECIMAL CLASSIFICATION NUMBER
Item number CONGRESOS 019
111 2# - MAIN ENTRY--MEETING NAME
Meeting name or jurisdiction name as entry element Academia de Ciencias Medicas de Cordoba
9 (RLIN) 2700
245 00 - TITLE STATEMENT
Title Sesion solemne de la Academia de Ciencias Medicas de Cordoba
260 ## - PUBLICATION, DISTRIBUTION, ETC. (IMPRINT)
Place of publication, distribution, etc Cordoba
Name of publisher, distributor, etc Academia de CIencias Medicas de Cordoba
Date of publication, distribution, etc 2003
300 ## - PHYSICAL DESCRIPTION
Extent 16 p.
518 ## - DATE/TIME AND PLACE OF AN EVENT NOTE
Date/time and place of an event note Cordoba, Argentina. 13 de Noviembre de 2003
653 ## - INDEX TERM--UNCONTROLLED
Uncontrolled term ACADEMIA DE CIENCIAS MEDICAS DE CORDOBA-SESION-2003
942 ## - ADDED ENTRY ELEMENTS (KOHA)
Source of classification or shelving scheme Dewey Decimal Classification
Koha item type Hemeroteca
Existencias
Withdrawn status Lost status Fuente de clasificación Damaged status Not for loan Colección Ubicación permanente Ubicación actual Sala de ubicación Fecha de adquisición Total Checkouts Número de clasificación Date last seen Número de ejemplar Price effective from Koha tipo de elemento (item)
    Dewey Decimal Classification     Non-fiction Biblioteca Medicina Biblioteca Medicina Circulación 10/10/2013   CONGRESOS 019 06/11/2014 Ej. 1 10/10/2013 Hemeroteca

UNIVERSIDAD NACIONAL DEL COMAHUE
Biblioteca de la Facultad de Ciencias Médicas
Sede Toschi: Los Arrayanes y Av. Toschi, Cipolletti  - Rio Negro
Sede Los Tordos:  Yrigoyen al 2211, Cipolletti - Rio Negro 

Teléfono: 0299 - 4774707 int 25
Contacto: biblioteca@facimed.uncoma.edu.ar
© 2011 - 2026